000 00596nam a2200229Ia 4500
003 OSt
005 20221007071706.0
006 a|||||r|||| 00| 0
007 ta
008 221006b |||||||| |||| 00| 0 eng d
024 _a22,365
037 _cTextual
040 _aFLL
_cFLL
_beng
041 _2eng
_aeng
082 _aV5:19:N1, E6
100 _aDickinson G. Lowes
245 0 _aEuropean anarchy
260 _aLondon
_bGeorge Allen & Unwin Ltd. USA
_c1916
300 _a153p
_ccm.
942 _hV5:19:N1, E6
_cTEXL
_2CC
999 _c1143985
_d1143985